Vista normal
Vista MARC
Entrada Personal Name
Número de registros utilizados en: 1
001 - CONTROL NUMBER
- control field: 17632
003 - CONTROL NUMBER IDENTIFIER
- control field: DLC
005 - DATE AND TIME OF LATEST TRANSACTION
- control field: 20251023115439.0
008 - FIXED-LENGTH DATA ELEMENTS
- fixed length control field: 061023n| acannaabn |a aaa c
010 ## - LIBRARY OF CONGRESS CONTROL NUMBER
- LC control number: no2006112489
035 ## - SYSTEM CONTROL NUMBER
- System control number: (OCoLC)oca07086467
040 ## - CATALOGING SOURCE
- Original cataloging agency: DGU
- Language of cataloging: spa
- Transcribing agency: Mx-PuUPA
- Modifying agency: Mx-PuUPA
- Description conventions: rda
046 ## - SPECIAL CODED DATES
- Birth date: 1951-
100 1# - HEADING--PERSONAL NAME
- Personal name: García Cabrera, José Luis,
- Dates associated with a name: 1951-
374 ## - OCCUPATION
- Occupation: Autor
375 ## - GENDER
- Gender: hombre
377 ## - ASSOCIATED LANGUAGE
- Language code: spa
400 1# - SEE FROM TRACING--PERSONAL NAME
- Personal name: Cabrera, José Luis García
- Dates associated with a name: 1951-
670 ## - SOURCE DATA FOUND
- Source citation: Hank, el padrino, 2001:
- Information found: t.p. (José Luis García Cabrera) p. 4 of cover (b. Mexico City in 1951)